| 000 | 00307 a2200133 4500 | ||
|---|---|---|---|
| 001 | 89223 | ||
| 082 | _a891.4393 BAN | ||
| 090 |
_c42174 _d42174 |
||
| 100 | _aBanoo Qudsia | ||
| 245 | _aKuch Aur Nahi | ||
| 260 |
_aLahore _bSang-e-meel Publications _c2004 |
||
| 300 | _a248p. | ||
| 500 | _aGeneral Books | ||
| 942 |
_aCAE NUST _k891.4393 BAN |
||
| 999 |
_c324296 _d324296 |
||